00510nmm a2200157Ia 4500008004100000020001800041041000800059100002600067245008600093264006600179300001800245650001400263856005100277942000700328999001700335251105s9999||||xx |||||||||||||||||und|| a9789561123908 aspa aLoreto Nervi, María 0aIván Núñez Prieto : Trazos y huellas en la educación chilena del siglo XX a[Santiago de Chile, Chile] :bEditorial Universitaria, c2014 a215 páginas aEducation uhttps://public.digitaliapublishing.com/a/46619 cCF c94096d94096